000 00969nam a22002417a 4500
999 _c5106
_d5106
005 20251125232759.0
008 s2523 th tha d
040 _aNALT
041 _atha
050 _aJK1001 ก9
100 0 _aฮอว์ลี, โจนาธาน พี.
245 1 0 _aสมาชิกสภาคองเกรส : คำสัญญาและอำนาจ
260 3 _aกรุงเทพฯ :
_bแพร่พิทยา,
_c2523
300 _a260 หน้า
650 0 4 _aรัฐสภา -- สหรัฐอเมริกา
650 0 4 _aสภาคองเกรส
650 0 4 _aสหรัฐอเมริกา. รัฐสภา
700 0 _aฮอว์ลี, โจนาธาน พี.
850 _aNALT
856 4 0 _uhttps://hdl.handle.net/20.500.14156/338272
_71
942 _cGB
_2lcc
_08
998 _j111
_k นางสาวพจพิณ พรมเอี่ยม